Winning Like Sachin (Record no. 12722)

MARC details
000 -LEADER
fixed length control field 00268nam a22000977a 4500
008 - FIXED-LENGTH DATA ELEMENTS--GENERAL INFORMATION
fixed length control field 241204b |||||||| |||| 00| 0 eng d
020 ## - INTERNATIONAL STANDARD BOOK NUMBER
International Standard Book Number 9788129151759
100 ## - MAIN ENTRY--PERSONAL NAME
Personal name Prabhudesai Devendra
9 (RLIN) 7615
245 ## - TITLE STATEMENT
Title Winning Like Sachin
260 ## - PUBLICATION, DISTRIBUTION, ETC. (IMPRINT)
Place of publication, distribution, etc. New Delhi
Name of publisher, distributor, etc. Rupa Publications
Date of publication, distribution, etc. 2018
Holdings
Withdrawn status Lost status Source of classification or shelving scheme Damaged status Koha normalized classification for sorting Not for loan Home library Current library Date acquired Total Checkouts Full call number Barcode Date last seen Price effective from Koha item type
    Dewey Decimal Classification   PRA_920_000000000000000   Good Samaritan School Library Good Samaritan School Library 12/04/2024   PRA920 PRA17846 12/04/2024 12/04/2024 BOOK

Powered by Koha